[Event "Youth Classic 2018 - Youth Open U14"]
[Site "Bad Soden-Neuenhain, Bürgerhau"]
[Date "2018.09.30"]
[Round "1.1"]
[White "Gallasch, Jonas"]
[Black "Seemann, Max"]
[Result "1-0"]
[WhiteElo "2045"]
[BlackElo "1060"]
[PlyCount "67"]
[EventDate "2018.??.??"]
[WhiteTeam "SG Porz"]
[BlackTeam "SG Idstein"]

1. Nf3 d5 2. c4 d4 3. e3 dxe3 4. fxe3 Nc6 5. d4 Bf5 6. d5 Bxb1 7. Rxb1 Nb4 8.
Qa4+ c6 9. Qxb4 cxd5 10. cxd5 Qxd5 11. Qb5+ Qc6 12. Ne5 Qxb5 13. Bxb5+ Kd8 14.
Nxf7+ Kc7 15. Nxh8 Kb6 16. Bc4 Nf6 17. Nf7 Rc8 18. Bb3 e6 19. Ne5 Bc5 20. Ke2
Rd8 21. Bd2 Ne4 22. Rbd1 Bd6 23. Nc4+ Kc7 24. Ba5+ b6 25. Nxd6 Nxd6 26. Bc3 g6
27. Bf6 Rd7 28. Bxe6 Rd8 29. Bxd8+ Kxd8 30. Rxd6+ Ke7 31. Rc6 Kf6 32. Rf1+ Ke5
33. Bb3 Ke4 34. Re6# 1-0

[Event "Youth Classic 2018 - Youth Open U14"]
[Site "Bad Soden-Neuenhain, Bürgerhau"]
[Date "2018.09.30"]
[Round "1.2"]
[White "Akhmatovski, Maxim"]
[Black "Haack, Kevin"]
[Result "0-1"]
[WhiteElo "1056"]
[BlackElo "1870"]
[PlyCount "116"]
[EventDate "2018.??.??"]
[WhiteTeam "SV Oberursel"]
[BlackTeam "SC Bad Soden"]

1. e4 c5 2. Nf3 g6 3. Nc3 Bg7 4. b3 Nc6 5. Bb2 d6 6. Be2 Nf6 7. d3 O-O 8. O-O
a6 9. a4 Rb8 10. Nd5 Nxd5 11. Bxg7 Kxg7 12. exd5 Nb4 13. c4 Re8 14. d4 b6 15.
dxc5 bxc5 16. Qd2 Bf5 17. Qc3+ Kg8 18. Rfe1 Nc2 19. Rad1 Nxe1 20. Rxe1 Qb6 21.
Bd1 Qb4 22. Qxb4 Rxb4 23. Re3 Bd7 24. Ng5 h6 25. Ne4 f5 26. Nd2 e6 27. dxe6
Rxe6 28. Rxe6 Bxe6 29. Bf3 Kf7 30. Kf1 Kf6 31. Ke2 Ke5 32. Ke3 d5 33. cxd5 Bxd5
34. Bxd5 Kxd5 35. Kd3 Rd4+ 36. Ke3 g5 37. g3 a5 38. h3 f4+ 39. Ke2 h5 40. Nf3
Re4+ 41. Kd3 g4 42. hxg4 hxg4 43. Ng5 Rd4+ 44. Kc3 f3 45. Nf7 Ke6 46. Ng5+ Kf6
47. Nh7+ Kf5 48. Nf8 Rd8 49. Nh7 Rh8 50. Kc4 Rxh7 51. Kxc5 Ke4 52. b4 axb4 53.
Kxb4 Ra7 54. Kb5 Kd3 55. a5 Rxa5+ 56. Kxa5 Ke2 57. Kb4 Kxf2 58. Kc3 Ke2 0-1

[Event "Youth Classic 2018 - Youth Open U14"]
[Site "Bad Soden-Neuenhain, Bürgerhau"]
[Date "2018.09.30"]
[Round "1.3"]
[White "Riemann, Jonas"]
[Black "Stapel, Max"]
[Result "1-0"]
[WhiteElo "1785"]
[BlackElo "1035"]
[PlyCount "77"]
[EventDate "2018.??.??"]
[WhiteTeam "SK Bickenbach"]
[BlackTeam "SC Flörsheim"]

1. e4 e5 2. Nf3 Nc6 3. Bc4 Bc5 4. c3 Nf6 5. d4 Bd6 6. O-O Nxe4 7. Re1 f5 8.
dxe5 Nxe5 9. Nxe5 Bxe5 10. Qd5 Qe7 11. f4 c6 12. Qxe5 Qxe5 13. fxe5 d5 14. exd6
Bd7 15. Nd2 b5 16. Bb3 O-O-O 17. Nxe4 fxe4 18. Bg5 Rde8 19. Be7 Kb7 20. Bf7 Rc8
21. Rxe4 Rb8 22. Rd1 Kb6 23. Be6 Rb7 24. Bxd7 Rxd7 25. Rf1 Rb8 26. Rf8 Rxf8 27.
Bxf8 c5 28. Be7 Kc6 29. Rf4 a5 30. Rf7 b4 31. Rxg7 h6 32. Rh7 Kb5 33. Rxh6 Kc4
34. Rh3 a4 35. cxb4 cxb4 36. g4 b3 37. axb3+ axb3 38. Rc3+ Kb4 39. Rc7 1-0

[Event "Youth Classic 2018 - Youth Open U14"]
[Site "Bad Soden-Neuenhain, Bürgerhau"]
[Date "2018.09.30"]
[Round "1.4"]
[White "Coskun, Eray"]
[Black "Lorenz, Alexander"]
[Result "0-1"]
[WhiteElo "1015"]
[BlackElo "1748"]
[PlyCount "82"]
[EventDate "2018.??.??"]
[WhiteTeam "SC Flörsheim"]
[BlackTeam "SV Bergwinkel"]

1. e4 c5 2. Nc3 d6 3. Nf3 g6 4. d4 cxd4 5. Nxd4 Bg7 6. Bc4 Nf6 7. O-O O-O 8.
Re1 Nc6 9. Nf3 Bg4 10. Bf4 Rc8 11. h3 Bxf3 12. Qxf3 Nd4 13. Qd3 Rxc4 14. Qxc4
Nxc2 15. Qa4 Nxa1 16. Rxa1 Qb6 17. b3 Nxe4 18. Qxe4 Bxc3 19. Rd1 Bf6 20. Qe3
Qxe3 21. Bxe3 Be5 22. Bxa7 Ra8 23. Be3 Rxa2 24. Bh6 Bg7 25. Bg5 f6 26. Bh4 g5
27. Bg3 f5 28. f4 h6 29. h4 gxf4 30. Bxf4 Kf7 31. h5 Rb2 32. Rd5 e5 33. Bg3
Rxb3 34. Bh2 Ke6 35. Rd2 f4 36. Re2 Kf5 37. Rd2 Rb1+ 38. Kf2 e4 39. Rd5+ Be5
40. g3 e3+ 41. Kf3 Rf1+ 0-1

[Event "Youth Classic 2018 - Youth Open U14"]
[Site "Bad Soden-Neuenhain, Bürgerhau"]
[Date "2018.09.30"]
[Round "1.5"]
[White "Markosyan, Aleksandr"]
[Black "Politoukhin, Nikolaj"]
[Result "1-0"]
[WhiteElo "1559"]
[BlackElo "982"]
[PlyCount "45"]
[EventDate "2018.??.??"]
[WhiteTeam "SG Idstein"]
[BlackTeam "SC Flörsheim"]

1. e4 d5 2. exd5 Qxd5 3. Nc3 Qa5 4. d4 Nf6 5. Nf3 Bg4 6. Bd2 c6 7. Bc4 e6 8.
Nd5 Qd8 9. Ne3 Bh5 10. O-O Be7 11. Bd3 O-O 12. Re1 Nd5 13. Nf1 Nd7 14. c4 Nb4
15. Bb1 Qc7 16. Ng3 Bxf3 17. Qxf3 Nb6 18. a3 Na6 19. Ne4 Nxc4 20. Bf4 Qb6 21.
Bd3 Qxb2 22. Bxc4 Bxa3 23. Rxa3 1-0

[Event "Youth Classic 2018 - Youth Open U14"]
[Site "Bad Soden-Neuenhain, Bürgerhau"]
[Date "2018.09.30"]
[Round "1.6"]
[White "Wisniewski, Niklas Lorenz"]
[Black "Zhu, Andy"]
[Result "0-1"]
[WhiteElo "977"]
[BlackElo "1444"]
[PlyCount "70"]
[EventDate "2018.??.??"]
[WhiteTeam "SC Bad Soden"]
[BlackTeam "Frankfurter TV"]

1. e4 e5 2. d4 exd4 3. Qxd4 Nc6 4. Qa4 Bc5 5. Nf3 d6 6. Bg5 Nf6 7. Nc3 Bb4 8.
Bb5 Bxc3+ 9. bxc3 Bd7 10. O-O a6 11. Bxc6 Bxc6 12. Qd4 Qe7 13. e5 dxe5 14. Nxe5
O-O 15. Nxc6 bxc6 16. Bxf6 Qxf6 17. Qxf6 gxf6 18. Rab1 Rab8 19. h3 Rfd8 20. Rb3
Rxb3 21. cxb3 Rd2 22. Ra1 Rc2 23. c4 Kf8 24. Kf1 Ke7 25. Re1+ Kd6 26. Re2 Rxe2
27. Kxe2 Kc5 28. a3 Kd4 29. Kd2 c5 30. f3 f5 31. g4 fxg4 32. hxg4 h6 33. a4 a5
34. f4 Ke4 35. b4 cxb4 0-1

[Event "Youth Classic 2018 - Youth Open U14"]
[Site "Bad Soden-Neuenhain, Bürgerhau"]
[Date "2018.09.30"]
[Round "1.7"]
[White "Gräf, Jakob"]
[Black "Riemann, Adrian"]
[Result "1-0"]
[WhiteElo "1520"]
[BlackElo "933"]
[PlyCount "97"]
[EventDate "2018.??.??"]
[WhiteTeam "SV Frankfurt Nord"]
[BlackTeam "SK Bickenbach"]

1. e4 e6 2. Qe2 Nf6 3. g3 d5 4. e5 Nfd7 5. d4 c5 6. Nf3 Nc6 7. c3 Qb6 8. Be3 a5
9. Bg2 Qa7 10. O-O b6 11. Qd2 Ba6 12. Re1 cxd4 13. cxd4 Bb4 14. Nc3 a4 15. a3
Bxc3 16. bxc3 Na5 17. Qc2 Nb3 18. Rab1 Bc4 19. Bf1 Qb7 20. Nd2 b5 21. Nxb3 axb3
22. Qb2 Ra4 23. Be2 Qa8 24. Ra1 Nb6 25. Bd1 Qa5 26. Bxb3 Bxb3 27. Qxb3 Nc4 28.
Bc1 O-O 29. Re2 Qa6 30. Rea2 Rc8 31. Rb1 Rb8 32. Kg2 Na5 33. Qxa4 g6 34. Qb4
Nc6 35. Qb2 Qa4 36. Bh6 Qc4 37. Qe2 Qxe2 38. Rxe2 Ne7 39. g4 Kh8 40. Reb2 Ng8
41. g5 Nxh6 42. gxh6 Kg8 43. Rxb5 Rxb5 44. Rxb5 f5 45. a4 Kf7 46. Rb7+ Ke8 47.
a5 Kd8 48. a6 Kc8 49. Rxh7 1-0

[Event "Youth Classic 2018 - Youth Open U14"]
[Site "Bad Soden-Neuenhain, Bürgerhau"]
[Date "2018.09.30"]
[Round "1.8"]
[White "Tobias, Karolin"]
[Black "Abou Wally, Adrian"]
[Result "0-1"]
[WhiteElo "910"]
[BlackElo "1313"]
[PlyCount "52"]
[EventDate "2018.??.??"]
[WhiteTeam "SV Oberursel"]
[BlackTeam "SV Schott Jena"]

1. e4 e5 2. Nf3 Nc6 3. Bc4 Bc5 4. c3 Nf6 5. d4 exd4 6. cxd4 Bb4+ 7. Bd2 Bxd2+
8. Nbxd2 d5 9. e5 dxc4 10. exf6 Qxf6 11. Qe2+ Qe6 12. Qxe6+ Bxe6 13. O-O O-O
14. Rac1 Na5 15. b4 cxb3 16. axb3 c6 17. Rc5 Nxb3 18. Nxb3 Bxb3 19. Rb1 Bd5 20.
Ne5 b6 21. Rc3 Rac8 22. Re1 Rfe8 23. Ree3 c5 24. dxc5 Rxc5 25. Ra3 Rc1+ 26. Re1
Rxe1# 0-1

[Event "Youth Classic 2018 - Youth Open U14"]
[Site "Bad Soden-Neuenhain, Bürgerhau"]
[Date "2018.09.30"]
[Round "1.9"]
[White "Burkart, Lloyd Shang"]
[Black "Nastassine, Alexey"]
[Result "1-0"]
[WhiteElo "1157"]
[BlackElo "881"]
[PlyCount "43"]
[EventDate "2018.??.??"]
[WhiteTeam "TuS Makkabi"]
[BlackTeam "Frankfurter TV"]

1. d4 d5 2. c4 dxc4 3. e4 Nf6 4. Nc3 e6 5. Bxc4 Bb4 6. Qd3 Bxc3+ 7. bxc3 O-O 8.
Nf3 Nc6 9. O-O e5 10. Nxe5 Nxe5 11. dxe5 Nd7 12. Bf4 Qe8 13. Qg3 Nb6 14. Bh6 g6
15. Bb3 Nd7 16. Bxf8 Kxf8 17. f4 Nc5 18. Bc2 Qe6 19. f5 Qc6 20. fxg6 hxg6 21.
Qf4 Qb6 22. Qxf7# 1-0

[Event "Youth Classic 2018 - Youth Open U14"]
[Site "Bad Soden-Neuenhain, Bürgerhau"]
[Date "2018.09.30"]
[Round "1.10"]
[White "Staab, Aaron"]
[Black "Buchholz, Maja"]
[Result "0-1"]
[WhiteElo "875"]
[BlackElo "1327"]
[PlyCount "42"]
[EventDate "2018.??.??"]
[WhiteTeam "SC Nidderau"]
[BlackTeam "SK Langen"]

1. e4 c5 2. Nf3 d6 3. Bc4 Nf6 4. Ng5 e6 5. O-O g6 6. Nc3 Bg7 7. Re1 O-O 8. d3
d5 9. exd5 Nxd5 10. Bxd5 exd5 11. Bf4 Bh6 12. Qd2 Nc6 13. Ne6 Bxf4 14. Nxf4 Qg5
15. Ncxd5 Bh3 16. g3 Nd4 17. Nxh3 Qxd2 18. Rad1 Qxc2 19. Ne7+ Kg7 20. Rc1 Qxb2
21. Rxc5 Nf3+ 0-1

[Event "Youth Classic 2018 - Youth Open U14"]
[Site "Bad Soden-Neuenhain, Bürgerhau"]
[Date "2018.09.30"]
[Round "1.11"]
[White "Leithoff, Hans-Georg"]
[Black "Edelmann, Anastasija"]
[Result "1-0"]
[WhiteElo "1413"]
[BlackElo "864"]
[PlyCount "77"]
[EventDate "2018.??.??"]
[WhiteTeam "SV Eisenach"]
[BlackTeam "SC Frankfurt-West"]

1. e4 e5 2. Nf3 Nc6 3. d4 Nf6 4. Bg5 Be7 5. Nc3 d6 6. dxe5 dxe5 7. Qxd8+ Bxd8
8. Bb5 Bd7 9. Bxc6 Bxc6 10. Nxe5 Nxe4 11. Nxc6 Nxg5 12. Nxd8 Rxd8 13. O-O O-O
14. Nb5 Rd2 15. Rac1 a6 16. Nc3 Rdd8 17. Rfe1 Rfe8 18. Rxe8+ Rxe8 19. Rd1 Ne6
20. Rd7 Nc5 21. Rd1 b5 22. Kf1 c6 23. Rd6 Rc8 24. f3 Nb7 25. Rd1 h6 26. Ne2 Nc5
27. Rd6 Nb7 28. Rd7 Nc5 29. Ra7 Rd8 30. b4 Na4 31. Rxa6 Rc8 32. Nd4 c5 33. Nxb5
Nb2 34. Nd6 Rd8 35. bxc5 Nd1 36. Nc4 Re8 37. c6 Re6 38. c7 Rxa6 39. c8=Q+ 1-0

[Event "Youth Classic 2018 - Youth Open U14"]
[Site "Bad Soden-Neuenhain, Bürgerhau"]
[Date "2018.09.30"]
[Round "1.12"]
[White "Wolf, Jonathan"]
[Black "Plaumann, Arvin"]
[Result "0-1"]
[WhiteElo "842"]
[BlackElo "1269"]
[PlyCount "76"]
[EventDate "2018.??.??"]
[WhiteTeam "SV Frankfurt Nord"]
[BlackTeam "SF Heidesheim"]

1. d4 d5 2. Nc3 Bf5 3. Bf4 e6 4. Nf3 Nc6 5. e3 Bd6 6. Be5 Nxe5 7. dxe5 Bc5 8.
Bd3 Bg6 9. O-O Ne7 10. h3 Nc6 11. Re1 Bh5 12. Bb5 O-O 13. Bxc6 bxc6 14. Qd2
Bxf3 15. gxf3 Qg5+ 16. Kh2 Qxe5+ 17. f4 Qf6 18. Rg1 Rab8 19. Rab1 Rb7 20. Na4
Bd6 21. b3 e5 22. Qc3 Bb4 23. Qxe5 Qxe5 24. fxe5 Re8 25. f4 Re6 26. Rgf1 f6 27.
c3 Be7 28. c4 fxe5 29. cxd5 cxd5 30. h4 exf4 31. Rxf4 Bd6 32. Kh3 Rxe3+ 33. Kg4
Bxf4 34. Kxf4 Re4+ 35. Kf5 Rxa4 36. Ra1 Rxh4 37. a4 Rxb3 38. Ke6 d4 0-1

[Event "Youth Classic 2018 - Youth Open U14"]
[Site "Bad Soden-Neuenhain, Bürgerhau"]
[Date "2018.09.30"]
[Round "1.13"]
[White "Czinkota, Michael"]
[Black "Li, Toplink"]
[Result "1-0"]
[WhiteElo "1267"]
[BlackElo "834"]
[PlyCount "55"]
[EventDate "2018.??.??"]
[WhiteTeam "SC Bad Soden"]
[BlackTeam "Frankfurter TV"]

1. e4 c6 2. d4 d5 3. Nc3 dxe4 4. Nxe4 Bf5 5. Ng3 Bg6 6. Nf3 Nd7 7. Nh4 Ngf6 8.
Nxg6 fxg6 9. Bc4 b5 10. Bb3 e5 11. c3 Bd6 12. O-O Qe7 13. Re1 h6 14. Ne4 a5 15.
Nxd6+ Qxd6 16. a4 h5 17. Bf4 Kd8 18. Bxe5 Qf8 19. Qf3 Rb8 20. Bxb8 Nxb8 21.
Rad1 Qd6 22. Re6 Qf8 23. axb5 cxb5 24. Qa8 Kc8 25. Rc6+ Kd8 26. Qxb8+ Kd7 27.
Qb7+ Kd8 28. Rc8# 1-0

[Event "Youth Classic 2018 - Youth Open U14"]
[Site "Bad Soden-Neuenhain, Bürgerhau"]
[Date "2018.09.30"]
[Round "1.14"]
[White "Gold, Jan Christian"]
[Black "Goetz, Fenja"]
[Result "0-1"]
[WhiteElo "831"]
[BlackElo "1343"]
[PlyCount "88"]
[EventDate "2018.??.??"]
[WhiteTeam "SK Bad Homburg"]
[BlackTeam "SK Bad Homburg"]

1. d4 d5 2. c4 e6 3. Nc3 Nf6 4. Bf4 Nbd7 5. a3 c5 6. dxc5 Nxc5 7. b4 Nce4 8.
Nxe4 Nxe4 9. f3 Nf6 10. e4 Be7 11. Bg5 dxe4 12. fxe4 Nxe4 13. Qxd8+ Bxd8 14.
Bxd8 Kxd8 15. Bd3 Nf6 16. Nf3 Ke7 17. O-O-O Bd7 18. b5 Rhc8 19. a4 a6 20. Kb2
axb5 21. axb5 Ra4 22. Kb3 Rca8 23. Bc2 Ra3+ 24. Kb4 Ra2 25. Rd2 Rb2+ 26. Kc3
Raa2 27. Bxh7 Rxd2 28. Nxd2 Nxh7 29. Nb3 Rxg2 30. Nc5 b6 31. Na4 Kd6 32. Nxb6
Be8 33. Kb4 Rb2+ 34. Ka5 Kc7 35. Rg1 g6 36. h4 Nf6 37. Rg5 Ne4 38. Re5 Nd6 39.
Na4 Nb7+ 40. Ka6 Ra2 41. b6+ Kb8 42. Ra5 Nxa5 43. c5 Rxa4 44. b7 Nc4# 0-1

[Event "Youth Classic 2018 - Youth Open U14"]
[Site "Bad Soden-Neuenhain, Bürgerhau"]
[Date "2018.09.30"]
[Round "1.15"]
[White "von Beckh, Frieda"]
[Black "Nonn, Julian"]
[Result "1-0"]
[WhiteElo "1262"]
[BlackElo "802"]
[PlyCount "91"]
[EventDate "2018.??.??"]
[WhiteTeam "SC Eschborn"]
[BlackTeam "SVG Eppstein"]

1. e4 e5 2. Nf3 Nc6 3. d4 d6 4. dxe5 dxe5 5. Qxd8+ Nxd8 6. Nxe5 Nf6 7. Nc3 Bc5
8. Bc4 O-O 9. Bg5 Be7 10. O-O-O h6 11. Bh4 g5 12. Bg3 Bd6 13. Ng6 Re8 14. e5
Bf5 15. exd6 Bxg6 16. dxc7 Nc6 17. Bb5 h5 18. h4 gxh4 19. Rxh4 Rac8 20. Bc4
Rxc7 21. Bxc7 Ne5 22. Bxe5 Rxe5 23. Rd8+ Kg7 24. f4 Re1+ 25. Rd1 Rxd1+ 26. Kxd1
Ng4 27. Be2 Nf2+ 28. Ke1 Ne4 29. Nxe4 Bxe4 30. Rxh5 Bxg2 31. Rg5+ Kf6 32. Rxg2
Kf5 33. Rg7 Kxf4 34. Rxf7+ Ke4 35. Rxb7 Kd4 36. Rxa7 Kd5 37. c4+ Kc5 38. a4 Kb6
39. Ra8 Kb7 40. Rh8 Kc7 41. b4 Kb6 42. c5+ Kb7 43. b5 Ka7 44. a5 Kb7 45. a6+
Ka7 46. b6# 1-0

[Event "Youth Classic 2018 - Youth Open U14"]
[Site "Bad Soden-Neuenhain, Bürgerhau"]
[Date "2018.09.30"]
[Round "1.16"]
[White "Wagner, Maribel"]
[Black "Mader, Fabian"]
[Result "0-1"]
[WhiteElo "754"]
[BlackElo "1204"]
[PlyCount "56"]
[EventDate "2018.??.??"]
[WhiteTeam "SC Bad Soden"]
[BlackTeam "VfR-SC Koblenz"]

1. e4 e6 2. Nf3 d5 3. Nc3 c5 4. Bb5+ Bd7 5. Bd3 Bc6 6. O-O Nf6 7. a3 dxe4 8.
Ng5 exd3 9. cxd3 Be7 10. h3 Nd5 11. Nf3 Nb6 12. d4 Bxf3 13. gxf3 cxd4 14. Qa4+
Nxa4 15. Nxa4 Bh4 16. d3 Qf6 17. Re1 Qg6+ 18. Kf1 Qxd3+ 19. Kg1 Qxf3 20. Rf1
Qxh3 21. Re1 Bf6 22. Bd2 h5 23. Rac1 Nc6 24. b4 Be5 25. b5 Bh2+ 26. Kh1 Bg3+
27. Kg1 Qh2+ 28. Kf1 Qxf2# 0-1

[Event "Youth Classic 2018 - Youth Open U14"]
[Site "Bad Soden-Neuenhain, Bürgerhau"]
[Date "2018.09.30"]
[Round "1.17"]
[White "Haller, Andreas"]
[Black "Nastassine, Tatiana"]
[Result "1-0"]
[WhiteElo "1185"]
[BlackElo "737"]
[PlyCount "81"]
[EventDate "2018.??.??"]
[WhiteTeam "SC Bad Soden"]
[BlackTeam "Frankfurter TV"]

1. e4 c5 2. Nc3 d6 3. Nf3 Nf6 4. h3 g6 5. Bc4 Bg7 6. O-O O-O 7. d3 Nbd7 8. Re1
Re8 9. Bg5 Rf8 10. d4 b6 11. dxc5 bxc5 12. Nd5 Bb7 13. Qd2 Nb6 14. Nxb6 axb6
15. Bd5 Bxd5 16. exd5 Qd7 17. a3 Qf5 18. c4 Rab8 19. Rxe7 Rbe8 20. Rb7 Rd8 21.
Rxb6 Kh8 22. b4 Ne4 23. Qc1 Bxa1 24. Qxa1+ Kg8 25. Bxd8 Rxd8 26. bxc5 Nxc5 27.
a4 Ra8 28. a5 Qc8 29. Rxd6 Nb3 30. Qf6 Qf8 31. Rd7 Ra6 32. Qxa6 Nc5 33. Qc6
Nxd7 34. Qxd7 Qc5 35. Ng5 Kg7 36. Qxf7+ Kh6 37. h4 Kh5 38. Qxh7+ Kg4 39. Qxg6
Qd4 40. Ne6+ Kxh4 41. Qg5# 1-0

[Event "Youth Classic 2018 - Youth Open U14"]
[Site "Bad Soden-Neuenhain, Bürgerhau"]
[Date "2018.09.30"]
[Round "2.1"]
[White "Goetz, Fenja"]
[Black "Gallasch, Jonas"]
[Result "0-1"]
[WhiteElo "1343"]
[BlackElo "2045"]
[PlyCount "102"]
[EventDate "2018.??.??"]
[WhiteTeam "SK Bad Homburg"]
[BlackTeam "SG Porz"]

1. e4 c6 2. d4 d5 3. exd5 cxd5 4. Bd3 Nc6 5. c3 Qc7 6. h3 Nf6 7. Nf3 g6 8. O-O
Bf5 9. Re1 Bxd3 10. Qxd3 Bg7 11. Bg5 Ne4 12. Bh4 O-O 13. Nbd2 Nxd2 14. Qxd2 b5
15. Qe2 Qb7 16. Bg3 Rfe8 17. Qd2 Rac8 18. Rac1 Red8 19. Re2 e6 20. Ne1 b4 21.
Nd3 Qa6 22. Ra1 Qc4 23. Bf4 bxc3 24. bxc3 Na5 25. Rc1 Nb7 26. Nb4 a5 27. Nd3
Nd6 28. Nc5 Nb5 29. Qe1 Rxc5 30. dxc5 Qxf4 31. Rec2 Qc4 32. Qe3 Rc8 33. Qg3
Qxc5 34. Qd3 Nxc3 35. Kf1 d4 36. Qa6 Qc4+ 37. Qxc4 Rxc4 38. Ke1 Bh6 39. Ra1 d3
40. Rb2 d2+ 41. Rxd2 Re4+ 42. Kf1 Bxd2 43. a3 a4 44. f3 Re1+ 45. Rxe1 Bxe1 46.
Kxe1 Nb1 47. Kd1 Nxa3 48. Kc1 Nc4 49. Kb1 e5 50. g3 f5 51. g4 e4 0-1

[Event "Youth Classic 2018 - Youth Open U14"]
[Site "Bad Soden-Neuenhain, Bürgerhau"]
[Date "2018.09.30"]
[Round "2.2"]
[White "Haack, Kevin"]
[Black "von Beckh, Frieda"]
[Result "1-0"]
[WhiteElo "1870"]
[BlackElo "1262"]
[PlyCount "61"]
[EventDate "2018.??.??"]
[WhiteTeam "SC Bad Soden"]
[BlackTeam "SC Eschborn"]

1. c4 c5 2. g3 g6 3. Bg2 Bg7 4. Nc3 Nc6 5. a3 a6 6. Rb1 Rb8 7. Nf3 Nf6 8. O-O
O-O 9. d4 d5 10. cxd5 cxd4 11. dxc6 dxc3 12. Qxd8 Rxd8 13. c7 Bf5 14. cxb8=Q
Rxb8 15. Ra1 c2 16. Nd4 b5 17. Nxf5 gxf5 18. Bf4 Rc8 19. Bb7 Rc5 20. b4 Rc3 21.
Rfc1 Ne4 22. Bxe4 fxe4 23. Ra2 e5 24. Be3 f5 25. Raxc2 Rxa3 26. Rc8+ Bf8 27.
R1c7 Ra1+ 28. Kg2 f4 29. Bc5 f3+ 30. Kh3 fxe2 31. Rxf8# 1-0

[Event "Youth Classic 2018 - Youth Open U14"]
[Site "Bad Soden-Neuenhain, Bürgerhau"]
[Date "2018.09.30"]
[Round "2.3"]
[White "Mader, Fabian"]
[Black "Riemann, Jonas"]
[Result "1/2-1/2"]
[WhiteElo "1204"]
[BlackElo "1785"]
[PlyCount "61"]
[EventDate "2018.??.??"]
[WhiteTeam "VfR-SC Koblenz"]
[BlackTeam "SK Bickenbach"]

1. e4 e6 2. d4 d5 3. e5 c5 4. c3 Nc6 5. Nf3 Bd7 6. a3 cxd4 7. cxd4 Rc8 8. b4 a6
9. Be2 Na7 10. Nbd2 Bb5 11. O-O Ne7 12. Nb3 Ba4 13. Bb2 Nf5 14. Qd3 Be7 15. Nc5
Bb5 16. Qd2 Bxc5 17. bxc5 O-O 18. a4 Bxe2 19. Qxe2 Nc6 20. Bc3 Na5 21. Rfb1 Rb8
22. Bxa5 Qxa5 23. Rb6 Qc3 24. Rd1 Rfc8 25. Rd3 Qc4 26. a5 Qa4 27. Qd2 Qa1+ 28.
Ne1 Rc6 29. Rb2 f6 30. Ra2 Qb1 31. Rb2 1/2-1/2

[Event "Youth Classic 2018 - Youth Open U14"]
[Site "Bad Soden-Neuenhain, Bürgerha"]
[Date "2018.09.30"]
[Round "2.5"]
[White "Ruppert, Henry"]
[Black "Markosyan, Aleksandr"]
[Result "0-1"]
[WhiteElo "1162"]
[BlackElo "1559"]
[PlyCount "68"]
[EventDate "2018.??.??"]
[WhiteTeam "SC Flörsheim"]
[BlackTeam "SG Idstein"]

1. e4 c5 2. Nc3 g6 3. f4 Bg7 4. Nf3 e6 5. Bb5 a6 6. Bc4 Ne7 7. d3 Nbc6 8. a3 b5
9. Ba2 Bb7 10. O-O d5 11. Qe1 O-O 12. Qh4 f5 13. Ng5 Rf6 14. e5 Rf7 15. Qxh7+
Kf8 16. Nxf7 Kxf7 17. Qh4 Nd4 18. Qf2 Qh8 19. Be3 Nec6 20. Nd1 Qh5 21. c3 Rh8
22. h3 Ne2+ 23. Kh2 Qg4 24. Qf3 Ng3 25. Qxg3 Qe2 26. Qf3 Rxh3+ 27. Kxh3 Qxd3
28. Bxc5 Qc2 29. Rf2 Qa4 30. b3 Qa5 31. g4 Qd8 32. Qg3 g5 33. Rg2 Qh8+ 34. Qh4
Qxh4# 0-1

[Event "Youth Classic 2018 - Youth Open U14"]
[Site "Bad Soden-Neuenhain, Bürgerhau"]
[Date "2018.09.30"]
[Round "2.6"]
[White "Zhu, Andy"]
[Black "Haller, Christian"]
[Result "1/2-1/2"]
[WhiteElo "1444"]
[BlackElo "1160"]
[PlyCount "72"]
[EventDate "2018.??.??"]
[WhiteTeam "Frankfurter TV"]
[BlackTeam "SC Bad Soden"]

1. e4 e5 2. Nf3 Nc6 3. d4 exd4 4. Nxd4 Nxd4 5. Qxd4 Nf6 6. Nc3 b6 7. Bg5 Bc5 8.
Qe5+ Qe7 9. Qxe7+ Bxe7 10. Bxf6 Bxf6 11. Nd5 Bxb2 12. Rd1 Be5 13. f4 Bd6 14. e5
c6 15. exd6 cxd5 16. Rxd5 O-O 17. Rh5 Re8+ 18. Kf2 Re6 19. Bc4 Rxd6 20. Re1 g6
21. Rg5 Rd2+ 22. Kg1 Rxc2 23. Bd5 Rb8 24. f5 Bb7 25. Bb3 Rc5 26. Re7 d5 27.
fxg6 hxg6 28. h4 Kf8 29. Rge5 a5 30. Rd7 Bc6 31. Rc7 Bb7 32. Rd7 Ba8 33. Ree7
Rc1+ 34. Kh2 Rf1 35. h5 gxh5 36. Re5 h4 1/2-1/2

[Event "Youth Classic 2018 - Youth Open U14"]
[Site "Bad Soden-Neuenhain, Bürgerhau"]
[Date "2018.09.30"]
[Round "2.7"]
[White "Tryfon, Konstantin"]
[Black "Gräf, Jakob"]
[Result "0-1"]
[WhiteElo "1159"]
[BlackElo "1520"]
[PlyCount "37"]
[EventDate "2018.??.??"]
[WhiteTeam "SV Hofheim"]
[BlackTeam "SV Frankfurt Nord"]

1. e4 c6 2. d4 d5 3. Bd3 dxe4 4. Bxe4 Nf6 5. Bf3 Bf5 6. Nc3 e6 7. Nge2 Bd6 8.
Be3 O-O 9. O-O Qc7 10. g3 Bh3 11. Bg2 Bxg2 12. Kxg2 Nbd7 13. Qd2 Nb6 14. Bh6
gxh6 15. Qxh6 Ne8 16. Qg5+ Ng7 17. Ne4 Be7 18. Qg4 f5 19. Qxf5 0-1

[Event "Youth Classic 2018 - Youth Open U14"]
[Site "Bad Soden-Neuenhain, Bürgerhau"]
[Date "2018.09.30"]
[Round "2.8"]
[White "Abou Wally, Adrian"]
[Black "Viebahn, Tim"]
[Result "1-0"]
[WhiteElo "1313"]
[BlackElo "1154"]
[PlyCount "45"]
[EventDate "2018.??.??"]
[WhiteTeam "SV Schott Jena"]
[BlackTeam "SV Oberursel"]

1. e4 e5 2. Nf3 Nc6 3. Bc4 Bc5 4. c3 d6 5. d3 Nf6 6. O-O O-O 7. Nbd2 Qe7 8. Re1
Be6 9. Bxe6 Qxe6 10. a4 h6 11. b4 Bxf2+ 12. Kxf2 a6 13. Qb3 Qg4 14. h3 Qg6 15.
Nh4 Qg5 16. Ndf3 Qh5 17. g4 Nxg4+ 18. hxg4 Qxg4 19. Rg1 Qh5 20. Rg3 g5 21. Bxg5
hxg5 22. Rxg5+ Qxg5 23. Nxg5 1-0

[Event "Youth Classic 2018 - Youth Open U14"]
[Site "Bad Soden-Neuenhain, Bürgerhau"]
[Date "2018.09.30"]
[Round "2.9"]
[White "Schmid, Leon"]
[Black "Burkart, Lloyd Shang"]
[Result "1-0"]
[WhiteElo "1144"]
[BlackElo "1157"]
[PlyCount "87"]
[EventDate "2018.??.??"]
[WhiteTeam "SF Heidesheim"]
[BlackTeam "TuS Makkabi"]

1. e4 c5 2. Nf3 e6 3. Nc3 Nc6 4. Be2 Nf6 5. d3 d6 6. O-O Be7 7. Be3 O-O 8. h3
b6 9. b3 Bb7 10. Qd2 d5 11. e5 Nd7 12. d4 cxd4 13. Bxd4 Qc7 14. Qf4 Rac8 15.
Nb5 Nxd4 16. Qxd4 Qxc2 17. Bd3 Qc5 18. Qxc5 Nxc5 19. Be2 a6 20. Nbd4 Rc7 21.
Rac1 Rfc8 22. Rc2 Ne4 23. Rfc1 Rc3 24. Bd3 Rxc2 25. Rxc2 Rxc2 26. Bxc2 Kf8 27.
Kf1 Ke8 28. Ke2 Nc3+ 29. Ke3 Nxa2 30. h4 Kd7 31. Bxh7 g6 32. g4 Nc1 33. h5 gxh5
34. gxh5 Na2 35. Bb1 Nb4 36. h6 Bf8 37. h7 Bg7 38. Ng5 Ke7 39. f4 Nc6 40. f5
Nxd4 41. f6+ Kf8 42. fxg7+ Kxg7 43. Kxd4 Bc6 44. Nxf7 1-0

[Event "Youth Classic 2018 - Youth Open U14"]
[Site "Bad Soden-Neuenhain, Bürgerhau"]
[Date "2018.09.30"]
[Round "2.10"]
[White "Buchholz, Maja"]
[Black "Richter, Tim"]
[Result "1-0"]
[WhiteElo "1327"]
[BlackElo "1115"]
[PlyCount "55"]
[EventDate "2018.??.??"]
[WhiteTeam "SK Langen"]
[BlackTeam "SF Heidesheim"]

1. c4 Nf6 2. Nf3 g6 3. g3 Bg7 4. Bg2 d6 5. O-O O-O 6. Nc3 e5 7. d3 Nc6 8. Rb1
Be6 9. b4 Rb8 10. a3 a6 11. Bb2 Ne7 12. Ng5 Bd7 13. Nce4 Nxe4 14. Nxe4 f5 15.
Ng5 Bh6 16. Nf3 Be6 17. Qc2 Bg7 18. Rbc1 Rc8 19. Ng5 Bd7 20. Bxb7 Rb8 21. Bxa6
c6 22. c5 d5 23. e4 Ra8 24. b5 cxb5 25. Bb7 Rb8 26. c6 Nxc6 27. Bxc6 Bxc6 28.
Ne6 1-0